[Event "Nord Cup 1st"]
[Site "Duesseldorf"]
[Date "1995.??.??"]
[Round "5"]
[White "Wilken, Erwin"]
[Black "Kucheyda, Joerg"]
[Result "0-1"]
[WhiteElo "2105"]
[BlackElo "1875"]

1.Nf3 Nf6 2.d4 g6 3.g3 Bg7 4.Bg2 O-O 5.c4 d6 6.Nc3 Nc6 7.d5 Na5 8.Nd2 c5
9.Qc2 a6 10.O-O Rb8 11.b3 b5 12.Bb2 bxc4 13.bxc4 Ng4 14.Rab1 Ne5 15.Nce4 Bf5
16.h3 h5 17.f4 Rxb2 18.Rxb2 Nexc4 19.Nxc4 Nxc4 20.Qxc4 Bxb2 21.Qxa6 Qa8 22.Qc4 Bd4+
23.Kh2 Qa3 24.Rf3 Qb2 25.Rd3 Ra8 26.Rb3 Qa1 27.e3 Rxa2 28.Ng5 Bf6 29.Rb8+ Kg7
30.Qb5 Qb2 31.Rg8+ Kh6 32.Qxb2 Rxb2 33.e4 Bxg5 34.exf5 Bf6 35.fxg6 fxg6 36.g4 hxg4
37.hxg4 g5 38.fxg5+ Bxg5 39.Kg3 Rb4 40.Bf3 Bf6 41.Bd1 Kh7 42.Rc8 Rd4 43.Bf3 Kg7
44.Bg2 Bg5 45.Bf3 Bf4+ 46.Kf2 Rd2+ 47.Ke1 Rb2 48.Be2 Bg3+ 49.Kf1 Bh4 50.Re8 Rd2
51.g5 Bxg5 52.Bf3 Bh4 53.Be4 Kf6 54.Rh8 Bg5 55.Ke1 Rb2 56.Rg8 Bh4+ 57.Kd1 Ke5
58.Rg4 Rb4 59.Rxh4 Rxe4 60.Rh5+ Kd4 61.Kd2 Re5 62.Rh7 Kxd5  0-1

[Event "Eger Cup"]
[Site "Eger"]
[Date "1995.??.??"]
[Round "?"]
[White "Seres, Lajos"]
[Black "Meszaros, Andras"]
[Result "1-0"]
[WhiteElo "2430"]
[BlackElo "2310"]

1.d4 Nf6 2.Nf3 g6 3.c4 Bg7 4.g3 O-O 5.Bg2 d6 6.Nc3 Nbd7 7.O-O e5 8.h3 exd4
9.Nxd4 Ne5 10.b3 a6 11.Bb2 Rb8 12.a4 Bd7 13.Qd2 Qc8 14.Kh2 Re8 15.Rfd1 Bh6
16.f4 Bc6 17.e4 Ned7 18.Qc2 Nh5 19.Nde2 Ndf6 20.Rf1 b6 21.Qd3 Nd7 22.g4 Nc5
23.Qc2 Nf6 24.g5 Bxg5 25.fxg5 Nfxe4 26.Nf4 h6 27.gxh6 a5 28.Rae1 Qb7 29.Ncd5 Bxd5
30.Nxd5 f5 31.Bxe4 Nxe4 32.Re3  1-0

[Event "Eger op"]
[Site "Eger"]
[Date "1995.??.??"]
[Round "?"]
[White "Seres, Lajos"]
[Black "Basagic, Zlatko"]
[Result "1-0"]
[WhiteElo "2430"]
[BlackElo "2395"]

1.d4 Nf6 2.Nf3 g6 3.c4 Bg7 4.g3 O-O 5.Bg2 d6 6.Nc3 Nc6 7.d5 Na5 8.Nd2 c5
9.O-O a6 10.Qc2 Rb8 11.b3 b5 12.Bb2 bxc4 13.bxc4 Bh6 14.f4 e5 15.Rae1 exf4
16.gxf4 Nh5 17.e3 Bg7 18.Nd1 Bf5 19.Be4 Bxb2 20.Nxb2 Qf6 21.Nd3 Rfe8 22.Bxf5 Qxf5
23.Rf2 Nf6 24.Qc3 Ne4 25.Nxe4 Qxe4 26.Rc2 Rb4 27.Nxb4 cxb4 28.Qd2 Nxc4 29.Qg2 Qxg2+
30.Kxg2 Rxe3 31.Kf2 Rxe1 32.Kxe1 Ne3 33.Rc6 Nxd5 34.Rxd6 Nxf4 35.Rxa6 h5
36.Kd2 h4 37.Rb6 g5 38.Rxb4 Ne6 39.a4 h3 40.a5 Nc7 41.Rb7 Na6 42.Rb6 Nc7
43.a6  1-0

[Event "Eger Cup"]
[Site "Eger"]
[Date "1995.??.??"]
[Round "?"]
[White "Kladiva, Imre"]
[Black "Tajti, Janos Sandor"]
[Result "0-1"]
[WhiteElo "2155"]
[BlackElo "2150"]

1.d4 g6 2.Nf3 Bg7 3.g3 d6 4.Bg2 Nf6 5.c4 O-O 6.O-O Nbd7 7.Nc3 e5 8.h3 Re8
9.Be3 c6 10.Rc1 Nh5 11.Qd2 f5 12.Bg5 Bf6 13.dxe5 dxe5 14.Bxf6 Qxf6 15.e4 f4
16.Nh4 Nc5 17.Rcd1 Ne6 18.Ne2 Rd8 19.Qc3 Rxd1 20.Rxd1 Ng5 21.Kh2 Be6 22.g4 Ng7
23.Rd6 Nf7 24.g5 Qxg5 25.Nf3 Qf6 26.Rd2 g5 27.c5 h5 28.Nfg1 g4 29.f3 Qh4
30.b4 g3+ 31.Kh1 Ng5 32.Qxe5 Nxh3 33.Nxh3 Bxh3 34.Nxg3 Qxg3 35.Qc3 Bxg2+
36.Rxg2 Qh4+ 37.Kg1 Qe7 38.Rg6 Rd8 39.Kf2 Kh7 40.Rf6 Rd2+ 41.Ke1 Rxa2 42.e5 Ra3
43.Qc2+ Kg8 44.Qc4+ Kh7 45.Qe4+ Kh8 46.Qc2 Kg8 47.Qc4+ Ne6 48.Qxe6+ Qxe6
49.Rxe6 Rxf3 50.Re7 Re3+ 51.Kf2 b6 52.Rxa7 bxc5 53.bxc5 Rxe5 54.Kf3 Rxc5
55.Kxf4 h4 56.Kg4 Rc4+ 57.Kh3 c5 58.Rc7 Kf8 59.Kg2 Rc3 60.Kh2 h3 61.Kg1 Rc2
62.Kh1 c4  0-1

[Event "RUS-ch"]
[Site "Elista"]
[Date "1995.??.??"]
[Round "2"]
[White "Fominyh, Alexander"]
[Black "Dolmatov, Sergey"]
[Result "1-0"]
[WhiteElo "2515"]
[BlackElo "2615"]

1.d4 Nf6 2.Nf3 g6 3.c4 Bg7 4.g3 O-O 5.Bg2 d6 6.O-O Nbd7 7.Qc2 e5 8.Rd1 Qe7
9.e4 c6 10.Nc3 Re8 11.Be3 exd4 12.Nxd4 Ng4 13.Bf4 Nge5 14.b3 Nc5 15.h3 Ne6
16.Nxe6 fxe6 17.Qd2 Nf7 18.Be3 e5 19.Rac1 Be6 20.Ne2 b6 21.Rf1 Rad8 22.a4 Qc7
23.Ra1 a5 24.Rae1 Rb8 25.f4 Qd7 26.f5 gxf5 27.exf5 Bxf5 28.Bxc6 Qxc6 29.Rxf5 e4
30.Qd5 Qxd5 31.Rxd5 Ne5 32.Red1 Bf8 33.Nc3 Re6 34.Kg2 Nd7 35.Rg5+ Bg7 36.Bd4 Rg6
37.Rxg6 hxg6 38.Nxe4 Nc5 39.Bxc5 bxc5 40.Rd3 Be5 41.Ng5 Kg7 42.Kf3 Re8 43.Ne4 Re6
44.h4 Bd4 45.Ng5 Re8 46.Ne4 Re6 47.Nc3 Kf6 48.Ne2 Be5 49.Nf4 Re8 50.Re3 g5
51.Nd5+ Kg6 52.h5+ Kh6 53.Kg4 Re6 54.Re4 Re8 55.Ne3 Rf8 56.Nf5+ Kh7 57.Re3 Rg8
58.Rf3  1-0

[Event "RUS-ch"]
[Site "Elista"]
[Date "1995.??.??"]
[Round "2"]
[White "Ionov, Sergey"]
[Black "Iskusnyh, Sergei"]
[Result "0-1"]
[WhiteElo "2525"]
[BlackElo "2430"]

1.d4 Nf6 2.Nf3 g6 3.g3 Bg7 4.Bg2 O-O 5.c4 d6 6.O-O c6 7.Nc3 Qb6 8.h3 Na6
9.b3 e5 10.dxe5 dxe5 11.Be3 Qa5 12.Qc1 Nc5 13.Qb2 Nce4 14.Nxe4 Nxe4 15.Qc2 f5
16.Rac1 f4 17.Bd2 Qc5 18.b4 Qe7 19.c5 Nxd2 20.Nxd2 a5 21.a3 axb4 22.axb4 Be6
23.Ne4 Ra2 24.Qd3 Rd8 25.Nd6 Rda8 26.Rcd1 R8a3 27.Qe4 fxg3 28.fxg3 Rxg3 29.Kh2 Raa3
30.Rf3 Qg5 31.Rxa3 Rxa3 32.Nxb7 Qg3+ 33.Kg1 Bd5 34.Qg4 Qe3+ 35.Kh2 h5 36.Bxd5+ cxd5
37.Qf3  0-1

[Event "RUS-ch"]
[Site "Elista"]
[Date "1995.??.??"]
[Round "3"]
[White "Kharitonov, Andrei Y"]
[Black "Zakharevich, Igor"]
[Result "1/2-1/2"]
[WhiteElo "2550"]
[BlackElo "2430"]

1.d4 Nf6 2.Nf3 g6 3.c4 Bg7 4.g3 O-O 5.Bg2 d6 6.O-O Nbd7 7.Qc2 e5 8.Rd1 Qe7
9.Nc3 c6 10.e4 exd4 11.Nxd4 Re8 12.Rb1 Nc5 13.f3 Nfd7 14.b3 Ne5 15.Bb2 a5
16.Nce2 a4 17.Bc3 axb3 18.axb3 h5 19.h3 h4 20.g4 g5 21.Nf5 Bxf5 22.gxf5 Ra3
23.Bb4  1/2-1/2

[Event "RUS-ch (Women)"]
[Site "Elista"]
[Date "1995.??.??"]
[Round "4"]
[White "Demina, Julia"]
[Black "Shadrina, Tatiana"]
[Result "1-0"]
[WhiteElo "2345"]
[BlackElo "2235"]

1.Nf3 Nf6 2.c4 g6 3.g3 Bg7 4.Bg2 d6 5.d4 O-O 6.O-O Nbd7 7.Qc2 e5 8.Rd1 Re8
9.e4 exd4 10.Nxd4 Nc5 11.Nc3 a5 12.f3 c6 13.Be3 Qe7 14.Bf2 Qe5 15.Rd2 Bd7
16.Rad1 Bh6 17.Re2 Rad8 18.Nb3 Ne6 19.Be3 Bf8 20.Qd2 Bc8 21.Nxa5 Qh5 22.Nb3 d5
23.cxd5 cxd5 24.Nxd5 Nxd5 25.exd5 Nc7 26.Bd4 Nxd5 27.Rxe8 Rxe8 28.Re1 Rxe1+
29.Qxe1 Qf5 30.h4 Nb4 31.Qe8 Bd7 32.Qa8 Bc8 33.f4 Nc6 34.Bc3 Qe6 35.Kh2 Qg4
36.Qa4 Bf5 37.Na5 Ne7 38.Qd4 f6 39.Qxf6 Qe2 40.Qe5 Qc2 41.Nxb7 g5 42.Nd6  1-0

[Event "Euskadi-ch"]
[Site "Euskadi"]
[Date "1995.??.??"]
[Round "1"]
[White "Gomez Esteban, Juan Mario"]
[Black "Miguel, Fernando"]
[Result "1/2-1/2"]
[WhiteElo "2440"]
[BlackElo "2305"]

1.d4 Nf6 2.Nf3 g6 3.c4 Bg7 4.g3 d6 5.Bg2 O-O 6.O-O Nc6 7.Nc3 e5 8.d5 Ne7
9.e4 a5 10.Ne1 Nd7 11.Nd3 b6 12.Kh1 f5 13.f4 Ba6 14.Nb5 Bxb5 15.cxb5 fxe4
16.Bxe4 Nc5 17.Nxc5 bxc5 18.fxe5 Bxe5 19.Bg5 Qd7 20.Qe2 Nf5 21.Bxf5 Rxf5
22.Bh6 Bg7 23.Bxg7 Kxg7 24.a4 Raf8 25.Rxf5 Qxf5 26.Qg2 Qe5 27.Qd2 Qe4+ 28.Kg1 Rf5
29.Re1 Qxa4 30.Re7+ Rf7 31.Qc3+ Qd4+ 32.Qxd4+ cxd4 33.Re4 Rf3 34.Rxd4 Rb3
35.Rc4 Rxb5 36.Rxc7+ Kh6 37.Rd7 Rxd5 38.Kg2 Rd2+ 39.Kh3 d5 40.b3 d4 41.Rd5 Rd3
42.Rxa5 Rxb3 43.Rd5 d3  1/2-1/2

[Event "Euskadi-ch"]
[Site "Euskadi"]
[Date "1995.??.??"]
[Round "6"]
[White "Izeta Txabarri, Felix"]
[Black "Miguel, Fernando"]
[Result "1-0"]
[WhiteElo "2515"]
[BlackElo "2305"]

1.d4 Nf6 2.Nf3 g6 3.c4 Bg7 4.g3 d6 5.Bg2 O-O 6.Nc3 Nc6 7.O-O e5 8.d5 Ne7
9.e4 a5 10.Ne1 Nd7 11.Nd3 f5 12.Re1 b6 13.f4 Ba6 14.fxe5 Nxe5 15.Nf4 Qd7
16.Ne6 Rf7 17.Nxg7 Kxg7 18.b3 Raf8 19.Bf4 Ng4 20.exf5 Qxf5 21.Ne4 Qh5 22.h3  1-0

[Event "FIN-chT"]
[Site "FIN"]
[Date "1995.??.??"]
[Round "?"]
[White "Manninen, Marko"]
[Black "Pirttimaki, Timo"]
[Result "1/2-1/2"]
[WhiteElo "2365"]
[BlackElo "2285"]

1.d4 g6 2.Nf3 Bg7 3.c4 Nf6 4.g3 O-O 5.Bg2 d6 6.Nc3 Nbd7 7.O-O e5 8.h3 c6
9.e4 Ne8 10.Re1 exd4 11.Nxd4 Qb6 12.Nde2 a5 13.Rb1 a4 14.Bg5 a3 15.Be3 Qa6
16.Bf1 axb2 17.Bd4 Bxd4 18.Nxd4 Ne5 19.a4 Qb6 20.Re3 Qa5 21.Nb3 Qb4 22.Nd2 Be6
23.Qc2 Bxc4 24.Rxb2 Qc5 25.Nxc4 Nxc4 26.Bxc4 Qxc4 27.Rxb7 d5 28.exd5 cxd5
29.Qd3 Qxd3 30.Rxd3 Nf6 31.Rb6 Kg7 32.Rb4 Ra5 33.Kg2 Rfa8 34.Kf3 Ne4 35.Nxd5 Nc5
36.Re3 Rxa4 37.Rb5 R4a5 38.Rxa5  1/2-1/2

[Event "FIN-chT"]
[Site "FIN"]
[Date "1995.??.??"]
[Round "?"]
[White "Pirttimaki, Timo"]
[Black "Maki, Veijo"]
[Result "1-0"]
[WhiteElo "2285"]
[BlackElo "2410"]

1.d4 Nf6 2.c4 g6 3.Nf3 Bg7 4.g3 O-O 5.Bg2 d6 6.O-O Nbd7 7.Nc3 e5 8.h3 exd4
9.Nxd4 Re8 10.Qc2 a6 11.Rd1 Rb8 12.b3 h6 13.Bb2 Qe7 14.e4 c5 15.Nde2 b5 16.cxb5 axb5
17.Nf4 Bb7 18.Nxb5 g5 19.Nxd6 gxf4 20.gxf4 Nh5 21.Nf5 Qd8 22.Bxg7 Nxg7 23.Nxh6+ Kf8
24.e5 Bxg2 25.Qh7 Qc7 26.Kxg2 Rb6 27.Qg8+ Ke7 28.Qxf7+ Kd8 29.Qxg7 Qc6+ 30.Kh2 Re7
31.Qf8+  1-0

[Event "FIN-ch"]
[Site "FIN"]
[Date "1995.??.??"]
[Round "?"]
[White "Kekki, Petri"]
[Black "Sepp, Olav"]
[Result "1/2-1/2"]
[WhiteElo "2330"]
[BlackElo "2460"]

1.d4 Nf6 2.c4 g6 3.Nf3 Bg7 4.g3 O-O 5.Bg2 d6 6.O-O c6 7.Nc3 Qa5 8.e4 Bg4
9.h3 Bxf3 10.Bxf3 e5 11.Be3 Nbd7 12.Rb1 exd4 13.Bxd4 Ne5 14.Be2 Rfe8 15.f4 Ned7
16.Bf3 Qb4 17.Qd3 Nc5 18.Bxc5 Qxc5+ 19.Kg2 a5 20.Rfd1 Bf8 21.Rd2 Re6 22.a3 Qb6
23.b4 axb4 24.axb4 Ra3 25.Ra2 Rxa2+ 26.Nxa2 Qa7 27.Rb2 Re8 28.Nc1 Qa1 29.Rb1 Qa4
30.Rb2 Qa1 31.Rb1 Qa4 32.Rb2 h6 33.Ne2 Qa1 34.Qc2 Qa7 35.Ra2 Qe3 36.Qc3 Qxc3
37.Nxc3 Bg7 38.Ra7 Rb8 39.b5 Ne8 40.Ne2 cxb5 41.cxb5 Nc7 42.e5 dxe5 43.Rxb7 Rxb7
44.Bxb7 Nxb5 45.fxe5 Bxe5 46.h4 Nd6 47.Bd5 h5 48.Kf3 Kg7 49.Ba2 Nf5 50.Bd5 Kf6
51.Ba2 Bc7 52.Bd5 Nh6 53.Nc3 Ke5 54.Ba2 Ba5 55.Nd5 Nf5 56.Ne3 Nd4+ 57.Kg2 Kf6
58.Kh3 Bd2 59.Nc4 Be1 60.Nd6 Ne2 61.Nxf7 Nxg3 62.Ng5 Ne2 63.Nf3 Nf4+ 64.Kh2 Bf2
65.Bb1 Ke6 66.Ba2+ Kf5 67.Bb1+ Kf6 68.Bc2 Nd5 69.Bb1 Ne3 70.Kh3 Nf5 71.Ba2 Bxh4  1/2-1/2

[Event "Frydek-Mistek op"]
[Site "Frydek-Mistek"]
[Date "1995.??.??"]
[Round "?"]
[White "Gross, David"]
[Black "Komora, Andrej"]
[Result "1/2-1/2"]
[WhiteElo "2305"]
[BlackElo "2095"]

1.d4 Nf6 2.Nf3 d6 3.c4 g6 4.g3 Bg7 5.Bg2 O-O 6.O-O Nbd7 7.Qc2 e5 8.Rd1 Qe7
9.dxe5 Nxe5 10.Nxe5 dxe5 11.b3 e4 12.Ba3 c5 13.Nc3 e3 14.f3 Bf5 15.Qc1 Rad8
16.Nd5 Nxd5 17.cxd5 Bxa1 18.Bxc5 Qc7 19.Bxf8 Qxc1 20.Rxc1 Bb2 21.Be7 Rxd5
22.Re1 Bc3 23.Rc1 Bb2 24.Re1 Rd2 25.h4 Bd4 26.a3 Bc2 27.f4 b6 28.b4 Bd1 29.Bf3 Bc3
30.Bg5 h6 31.Bxh6 Rd8 32.Rf1 Kh7 33.Bf8 Ba4 34.Be7 Rd7 35.Bf8 Bf6 36.g4 Bxh4
37.Kg2 Bf6 38.Be4 Kg8 39.Bh6 Rd2 40.Kf3 Bb5 41.Re1 Bh4 42.Rc1 Bf2 43.Bd3 Bxd3
44.exd3 Rxd3 45.Bg5 Rd6 46.f5 gxf5 47.gxf5  1/2-1/2

[Event "Frydek-Mistek op-B"]
[Site "Frydek-Mistek"]
[Date "1995.??.??"]
[Round "?"]
[White "Vysoglad, Petr"]
[Black "Lybin, Dmitry"]
[Result "0-1"]
[WhiteElo "2120"]
[BlackElo "2360"]

1.Nf3 g6 2.d4 Bg7 3.c4 d6 4.g3 Nf6 5.Bg2 O-O 6.O-O Nbd7 7.Nc3 e5 8.e4 a6
9.b3 b5 10.dxe5 dxe5 11.cxb5 axb5 12.Re1 c6 13.Qd6 Ra6 14.Bb2 Ne8 15.Qb4 Nc7
16.Qd6 Ne6 17.Red1 Nd4 18.Nxd4 exd4 19.Nb1 c5 20.Qd5 Qe7 21.b4 Rd6 22.Qa8 Nb6
23.bxc5 Nxa8 24.cxd6 Qxd6 25.e5 Qxe5 26.Bxa8 Bg4 27.Bxd4 Qxd4 28.Rxd4 Bxd4  0-1

[Event "Frydek-Mistek op"]
[Site "Frydek-Mistek"]
[Date "1995.??.??"]
[Round "?"]
[White "Ulak, Slawomir"]
[Black "Dydyshko, Viacheslav"]
[Result "1/2-1/2"]
[WhiteElo "2320"]
[BlackElo "2495"]

1.d4 Nf6 2.Nf3 g6 3.c4 Bg7 4.g3 O-O 5.Bg2 d6 6.Nc3 Nbd7 7.O-O e5 8.e4 c6
9.h3 Re8 10.Re1 a6 11.dxe5 dxe5 12.Be3 Qe7 13.Qe2 b5 14.a3 Bb7 15.b4 c5 16.cxb5 axb5
17.Bd2 cxb4 18.axb4 Qxb4 19.Rxa8 Rxa8  1/2-1/2

[Event "Troll Masters"]
[Site "Gausdal"]
[Date "1995.??.??"]
[Round "2"]
[White "Kinsman, Andrew PH"]
[Black "Hagesaether, Paal Vegard"]
[Result "1-0"]
[WhiteElo "2355"]
[BlackElo "2150"]

1.d4 Nf6 2.Nf3 g6 3.c4 Bg7 4.g3 O-O 5.Bg2 d6 6.O-O Nbd7 7.Qc2 e5 8.Rd1 Re8
9.e4 exd4 10.Nxd4 Nc5 11.Nc3 a5 12.Ndb5 Bd7 13.f3 Bxb5 14.Nxb5 Nfd7 15.Rb1 Qb8
16.Be3 Bf8 17.Qd2 Ne5 18.b3 Ne6 19.h3 Rd8 20.f4 Nd7 21.h4 Ng7 22.Bd4 Ne5
23.Qe2 Nc6 24.Ba1 Na7 25.Nd4 Nc6 26.Nc2 Qa7+ 27.Kh2 Re8 28.Ne3 Ne7 29.Qf3 c6
30.Ng4 Nh5 31.f5 Qb8 32.fxg6 Nxg6 33.Qf5 Ng7 34.Nh6+ Kh8 35.Qxf7 Ne7 36.Qg8+ Nxg8
37.Nf7+  1-0

[Event "Troll Masters"]
[Site "Gausdal"]
[Date "1995.??.??"]
[Round "7"]
[White "Kinsman, Andrew PH"]
[Black "Kristensen, Bjarke"]
[Result "0-1"]
[WhiteElo "2355"]
[BlackElo "2455"]

1.d4 Nf6 2.Nf3 g6 3.c4 Bg7 4.g3 O-O 5.Bg2 d6 6.O-O Nbd7 7.Qc2 e5 8.Rd1 Re8
9.Nc3 h6 10.e4 exd4 11.Nxd4 Ne5 12.b3 Bg4 13.Nde2 Qc8 14.f4 Nf3+ 15.Kh1 Nxe4
16.Nxe4 Qf5 17.h3 Rxe4 18.Ng1 Re1 19.Qxf5 Rxd1 20.Be3 Rxg1+ 21.Rxg1 gxf5
22.Rf1 Re8 23.hxg4 fxg4 24.Bxf3 gxf3 25.Rxf3 f5 26.Kg2 Kf7 27.Kh3 h5 28.Kg2 a6
29.a4 Re4 30.Kf1 Ke6 31.Bd2 Bd4 32.Rd3 c5 33.Ba5 h4 34.Kg2 hxg3 35.Kxg3 Be3
36.Bd2 Bxd2 37.Rxd2 Re3+ 38.Kh4 Rf3 39.Kg5 Rg3+ 40.Kh5 Rxb3 41.a5 Rf3 42.Kg5 Rg3+
43.Kh5 Rg4 44.Rf2 Kd7  0-1

[Event "Troll Masters"]
[Site "Gausdal"]
[Date "1995.??.??"]
[Round "7"]
[White "Giddins, Stephen"]
[Black "Burgess, Graham"]
[Result "1/2-1/2"]
[WhiteElo "2290"]
[BlackElo "2260"]

1.d4 Nf6 2.c4 g6 3.Nf3 Bg7 4.g3 O-O 5.Bg2 d6 6.O-O Nbd7 7.Qc2 e5 8.Rd1 Qe7
9.Nc3 c6 10.b3 Re8 11.Bb2 exd4 12.Nxd4 h5 13.Nf3 Nc5 14.b4 Bf5 15.Qc1 Nce4
16.Nxe4 Bxe4 17.a3 d5 18.c5 Ng4 19.Bxg7 Kxg7 20.Qc3+ f6 21.a4 a6 22.Bf1 Bxf3
23.exf3 Qe5 24.Qd2 Nh6 25.Re1 Qf5 26.f4 Qd7 27.Bd3  1/2-1/2

[Event "Peer Gynt"]
[Site "Gausdal"]
[Date "1995.??.??"]
[Round "7"]
[White "Dannevig, Oystein"]
[Black "Van Esch, Sebastian"]
[Result "1-0"]
[WhiteElo "2335"]
[BlackElo "2135"]

1.Nf3 Nf6 2.g3 g6 3.c4 Bg7 4.d4 O-O 5.Bg2 d6 6.O-O Nbd7 7.Qc2 Re8 8.Rd1 e5
9.dxe5 dxe5 10.e4 Qe7 11.b3 Nc5 12.Nc3 c6 13.b4 Ne6 14.Rb1 Nd7 15.Be3 Nb8
16.c5 Na6 17.a4 Bd7 18.Ne2 Rad8 19.Nd2 Bc8 20.Nc4 Rxd1+ 21.Qxd1 Rd8 22.Nd6 b6
23.Qd3 Qf8 24.Qc4 Nb8 25.Nxc8 Rxc8 26.cxb6 axb6 27.Bxb6 Nd7 28.Be3 c5 29.b5 Nb6
30.Qa2 Nd4 31.Nc3 Ra8 32.a5 Qd8 33.a6 c4 34.Nd5 Bf8 35.Bxd4 exd4 36.Nxb6 Qxb6
37.e5 Ra7 38.Qxc4 Rxa6 39.Re1 Ra5 40.e6 fxe6 41.Rxe6 Qxb5 42.Rxg6+  1-0

[Event "Geneve op"]
[Site "Geneve"]
[Date "1995.??.??"]
[Round "2"]
[White "Tukmakov, Vladimir B"]
[Black "Landenbergue, Claude"]
[Result "1-0"]
[WhiteElo "2585"]
[BlackElo "2430"]

1.d4 Nf6 2.Nf3 g6 3.c4 Bg7 4.g3 O-O 5.Bg2 d6 6.O-O Nbd7 7.Nc3 e5 8.e4 exd4
9.Nxd4 Re8 10.Re1 a6 11.Rb1 Rb8 12.b3 Nc5 13.h3 Bd7 14.b4 Ne6 15.Nf3 h6 16.e5 Nh7
17.Bb2 Bc6 18.Nd5 b5 19.exd6 cxd6 20.Bxg7 Kxg7 21.Nd2 a5 22.cxb5 Rxb5 23.Nc4 Bxd5
24.Bxd5 Rxb4 25.Rxb4 axb4 26.Bxe6 Rxe6 27.Rxe6 fxe6 28.Nxd6 Qb6 29.Ne4 Nf8
30.Qa1+ Kg8 31.Qe5 b3 32.axb3 Qxb3 33.Nf6+ Kf7 34.Ng4 h5 35.Qc7+ Kg8 36.Nf6+  1-0

[Event "Geneve op"]
[Site "Geneve"]
[Date "1995.??.??"]
[Round "9"]
[White "Gerber, Richard"]
[Black "Poldauf, Dirk"]
[Result "1/2-1/2"]
[WhiteElo "2360"]
[BlackElo "2425"]

1.d4 Nf6 2.c4 g6 3.Nf3 Bg7 4.g3 O-O 5.Bg2 d6 6.O-O Nbd7 7.Nc3 e5 8.e4 exd4
9.Nxd4 Re8 10.h3 Nc5 11.Re1 a5 12.Qc2 a4 13.Rb1 Nfd7 14.Be3 Ne5 15.b4 axb3
16.axb3 Ned3 17.Re2 Nb4 18.Qd1 c6 19.Rd2 Qe7 20.Nde2 f5 21.Rxd6 Nxe4 22.Nxe4 fxe4
23.Nf4 Nd3 24.c5 Nxf4 25.Bxf4 Be6 26.Qd2 Qf7 27.h4 Bd5 28.Re1 Bf8 29.b4 Bxd6
30.cxd6 Ra2 31.Qd4 h5 32.Bxe4 Kh7 33.Re3 Rxe4 34.Rxe4 Bxe4 35.Qxe4 Ra8 36.Qd4 Qd7
37.Kg2 Re8 38.Qf6 Re6 39.Qf8 b6 40.Qb8 c5 41.Qxb6 cxb4 42.Qxb4 Qc6+  1/2-1/2

[Event "OL-SW 9596"]
[Site "GER"]
[Date "1995.??.??"]
[Round "?"]
[White "Forintos, Gyozo V"]
[Black "Golubev, Mihail"]
[Result "1/2-1/2"]
[WhiteElo "2485"]
[BlackElo "2570"]

1.d4 Nf6 2.c4 g6 3.Nf3 Bg7 4.g3 O-O 5.Bg2 d6 6.O-O Nbd7 7.Qc2 e5 8.Rd1 Qe7
9.Nc3 c6 10.e4 exd4 11.Nxd4 Re8 12.b3 Nc5 13.f3 Nfd7 14.Bb2 Ne5 15.Rab1 a5
16.Nce2 h5 17.h3 Bh6 18.Bc1 Bg7 19.Bb2 Bh6 20.Bc1 Bg7  1/2-1/2

[Event "BL2-N9495"]
[Site "Germany"]
[Date "1995.??.??"]
[Round "?"]
[White "Oratovsky, Michael"]
[Black "Hausner, Ivan"]
[Result "1/2-1/2"]
[WhiteElo "2535"]
[BlackElo "2450"]

1.Nf3 Nf6 2.d4 g6 3.c4 Bg7 4.g3 O-O 5.Bg2 d6 6.Nc3 Nbd7 7.O-O e5 8.e4 exd4
9.Nxd4 Re8 10.h3 Nc5 11.Re1 a5 12.Qc2 a4 13.Bf4 Nfd7 14.Ndb5 Ne5 15.Rad1 Be6
16.Be3 Qc8 17.Nd5 Bxh3 18.Ndxc7 Qg4 19.Qe2 Qxe2 20.Rxe2 Bg4 21.Nxd6 Bxe2
22.Ndxe8 Bxd1 23.Nxa8 Bf8 24.Bd4 Ncd7 25.Nf6+ Nxf6 26.Bxe5 Nd7 27.Bc3 Be2
28.Bf1 Bf3 29.Bg2 Be2 30.b3 axb3 31.axb3 Nc5 32.Nb6 Nxb3 33.e5 Bc5 34.Nd7 Bxc4
35.Bxb7 Bd4  1/2-1/2

[Event "BL9495 (Women)"]
[Site "Germany"]
[Date "1995.??.??"]
[Round "203"]
[White "Bakalarz, Grazyna"]
[Black "Mueller, Andrea"]
[Result "0-1"]
[WhiteElo "2095"]
[BlackElo "2085"]

1.d4 Nf6 2.c4 g6 3.Nf3 Bg7 4.g3 O-O 5.Bg2 d6 6.O-O Nc6 7.d5 Na5 8.Nbd2 c5
9.e4 a6 10.Rb1 b5 11.cxb5 axb5 12.b4 cxb4 13.Rxb4 Nc4 14.Nxc4 bxc4 15.Qc2 Nd7
16.Rd1 Ba6 17.Be3 Nc5 18.Bxc5 dxc5 19.Ra4 Bb5 20.Rxa8 Qxa8 21.Rb1 Qa4 22.Ne1 Qxc2
23.Nxc2 Ba4 24.Ne3 c3 25.Rc1 Rb8 26.e5 Bxe5 27.Be4 Bd4 28.Nc2 Rb2 29.g4 Rxa2
30.Kg2 Kg7 31.h4 Kf6 32.Kf3 Ke5 33.Re1 f5 34.Bxf5+ Kd6 35.Nxd4 cxd4 36.Be4 c2
37.Rc1 Kc5 38.Ke2 Kc4 39.Bd3+ Kc3 40.f4 Rb2 41.f5 gxf5 42.gxf5 Bb3 43.d6 exd6
44.f6 Bf7 45.Bxh7 Bh5+  0-1

[Event "BL2-N9495"]
[Site "Germany"]
[Date "1995.??.??"]
[Round "?"]
[White "Sieg, Ulrich"]
[Black "Thiede, Lars"]
[Result "1/2-1/2"]
[WhiteElo "2330"]
[BlackElo "2350"]

1.Nf3 Nf6 2.g3 g6 3.c4 Bg7 4.d4 O-O 5.Bg2 d6 6.O-O Nbd7 7.Nc3 e5 8.e4 exd4
9.Nxd4 Re8 10.h3 a6 11.Re1 Rb8 12.a4 a5 13.Ndb5 Nc5 14.Be3 Nfd7 15.Qc2 Ne5
16.Rad1 Bd7 17.b3 Nc6 18.Re2 Qc8 19.Nd5 Nb4 20.Nxb4 axb4 21.Na7 Qd8 22.Bxc5 dxc5
23.Red2 Bd4 24.Nb5 Bxb5 25.cxb5 Qf6 26.Kh2  1/2-1/2

[Event "BL2-O9495"]
[Site "Germany"]
[Date "1995.??.??"]
[Round "?"]
[White "Falk, Ulrich"]
[Black "Liedtke, Matthias"]
[Result "0-1"]
[WhiteElo "2225"]
[BlackElo "2270"]

1.d4 Nf6 2.Nf3 g6 3.c4 Bg7 4.g3 O-O 5.Bg2 d6 6.O-O Nc6 7.Nc3 Rb8 8.h3 a6
9.e4 b5 10.e5 Nd7 11.e6 fxe6 12.d5 Nce5 13.Nd4 Nb6 14.cxb5 Nxd5 15.Nxd5 exd5
16.Bxd5+ Kh8 17.bxa6 Bxa6 18.Re1 Qd7 19.Re4 Nd3 20.Be3 Rxb2 21.Ne6 Rfxf2
22.Ra4 Rg2+ 23.Bxg2 Qxe6 24.Qf3 d5 25.Rd1 Bf6 26.Kh1 c5 27.Bg1 Nb4 28.Rxb4 cxb4
29.Rxd5 Kg7 30.Be3 Bb7 31.Qf4 Bxd5  0-1

[Event "BL2-O9495"]
[Site "Germany"]
[Date "1995.??.??"]
[Round "?"]
[White "Schoebel, Wolfgang"]
[Black "Vogler, Tilmann"]
[Result "1-0"]
[WhiteElo "2210"]
[BlackElo "2295"]

1.d4 Nf6 2.c4 g6 3.g3 Bg7 4.Bg2 d6 5.Nf3 O-O 6.O-O c6 7.Nc3 Nbd7 8.h3 Qa5
9.Qc2 b5 10.cxb5 cxb5 11.Ne5 dxe5 12.Bxa8 exd4 13.Nd5 Nxd5 14.Bxd5 Nb6 15.Bg2 Bf5
16.Qc5 e5 17.Bc6 Bxh3 18.b4 Qa6 19.Bxb5 Qb7 20.Bc6 Qb8 21.Re1 Rc8 22.b5 Bf8
23.Qc2 Nd5 24.Bd2 Qxb5 25.Qxg6+ hxg6 26.Bxb5 Rc2 27.Red1 Ba3 28.Bd3 Rc7 29.Rdb1 Be6
30.Rb5 f5 31.Ra5 Bb2 32.Rb1 Bc3 33.Bxc3 dxc3 34.Bc2 Kf7 35.Rbb5 Rd7 36.Rc5 Nb4
37.Rxc3 Nxa2 38.Rca3 Nc1 39.Rxa7 Nxe2+ 40.Kf1 Nd4 41.Bd3 Rxa7 42.Rxa7+ Kf6
43.Ra4 Nf3 44.Be2 Bd5 45.Ra6+ Kg5 46.Ra5 Bc4 47.Bxc4 Nd2+ 48.Ke2 Nxc4 49.Rc5 Nd6
50.Rxe5 Kf6 51.Rd5 Ke6 52.Rc5 g5 53.Ke3 Ne4 54.Ra5 Nd6 55.Kd4 Nf7 56.Ra6+ Ke7
57.Kd5  1-0

[Event "NRW-Liga I 9495"]
[Site "Germany"]
[Date "1995.??.??"]
[Round "?"]
[White "Tomaszewski, Roman"]
[Black "Ziegler, Ari"]
[Result "0-1"]
[WhiteElo "2340"]
[BlackElo "2315"]

1.d4 Nf6 2.c4 g6 3.Nf3 Bg7 4.g3 O-O 5.Bg2 d6 6.O-O Nbd7 7.Nc3 c6 8.e4 e5
9.b3 Re8 10.Re1 a6 11.h3 Rb8 12.Be3 exd4 13.Nxd4 c5 14.Nde2 b5 15.Qc2 bxc4
16.bxc4 Ne5 17.Nd5 Nxd5 18.cxd5 Rb2 19.Qd1 Nc4 20.Qc1 Nxe3 21.Qxe3 Qa5 22.a3 Bd7
23.Rac1 Reb8 24.Red1 Ba4 25.Rd3 Bb5 26.Rb3 Rxe2 27.Qxe2 Bxe2 28.Rxb8+ Bf8
29.e5 Qc7 30.Ra8 dxe5 31.Re1 Bd3 32.f4 e4 33.Bxe4 Qe7 34.d6 Qxd6 35.Bxd3 Qxd3
36.Ree8 Qxg3+  0-1

[Event "Oberliga Nord N9495"]
[Site "Germany"]
[Date "1995.??.??"]
[Round "?"]
[White "Tatenhorst, Volker"]
[Black "Heinsohn, Wilfried"]
[Result "1/2-1/2"]
[WhiteElo "2270"]
[BlackElo "2210"]

1.d4 Nf6 2.c4 d6 3.Nf3 g6 4.g3 Bg7 5.Bg2 O-O 6.O-O Nbd7 7.Nc3 e5 8.e4 exd4
9.Nxd4 Re8 10.h3 Nc5 11.Re1 Ne6 12.Be3 Nxd4 13.Bxd4 Be6 14.b3 Qd7 15.Qf3 Nh5
16.Bxg7 Kxg7 17.g4 Nf6 18.e5 dxe5 19.Rad1 Qe7 20.Qxb7 h5 21.g5 Nd7 22.h4 Rac8
23.Qxa7 f5 24.Bd5 Red8 25.f4 e4 26.Qd4+ Kh7 27.Bxe6 Qxe6 28.Re2 Nb6 29.Qxd8 Rxd8
30.Rxd8 Qe7 31.Rdd2 Qc5+ 32.Kg2 Kg7 33.Nd5 Nxd5 34.Rxd5 Qb4 35.Re3 Kf7 36.Kf2 c6
37.Rd1 Ke7 38.Kg3 Ke8 39.Kf2 Ke7 40.Kg3 Ke8 41.Kg2 Ke7 42.Re2 Qc3 43.Rf2 Kf8
44.Rd8+  1/2-1/2

[Event "Oberliga Nord O9495"]
[Site "Germany"]
[Date "1995.??.??"]
[Round "?"]
[White "Muse, Drazen"]
[Black "Knuth, Hannes"]
[Result "1-0"]
[WhiteElo "2295"]
[BlackElo "2350"]

1.d4 Nf6 2.Nf3 g6 3.c4 Bg7 4.g3 O-O 5.Bg2 d6 6.Nc3 Nbd7 7.O-O c6 8.e4 e5
9.h3 Qb6 10.c5 dxc5 11.dxe5 Ne8 12.Qc2 Nxe5 13.Nxe5 Bxe5 14.Na4 Qc7 15.Nxc5 b6
16.Nd3 Bd4 17.Bf4 Qb7 18.Rad1 Be6 19.Be5 Bxe5 20.Nxe5 c5 21.f4 Qc7 22.Qc3 Nd6
23.Ng4 Bxg4 24.hxg4 Rad8 25.a4 Ne8 26.e5 Ng7 27.Bd5 Ne6 28.f5 Ng7 29.Qe3 c4
30.Kg2 Qc5 31.Qxc5 bxc5 32.e6 Rb8 33.e7 Rxb2+ 34.Kh3 Re8 35.f6 h5 36.Bc6 hxg4+
37.Kxg4  1-0

[Event "NRW-Liga I 9495"]
[Site "Germany"]
[Date "1995.??.??"]
[Round "?"]
[White "Schroeder, Wilfried"]
[Black "Ahn, Martin"]
[Result "1/2-1/2"]
[WhiteElo "2260"]
[BlackElo "2260"]

1.d4 Nf6 2.Nf3 g6 3.c4 Bg7 4.g3 O-O 5.Bg2 d6 6.O-O Nbd7 7.Qc2 c5 8.Nc3 cxd4
9.Nxd4 Nb6 10.b3 d5 11.c5 Nbd7 12.Rd1 e5 13.Ndb5 a6 14.Na3 e4 15.Be3 Qa5
16.Na4 Ne5 17.Bd4 Nc6 18.Bc3 Qc7 19.Nb6 Bf5 20.Nxa8 Rxa8 21.e3 Ne5 22.Qb2 Re8
23.Bxe5 Rxe5 24.Nc2 Bg4 25.Rd2 Rh5 26.Nd4 Qd7 27.Qc1 Bh3 28.Qf1 Bxg2 29.Qxg2 Ng4
30.h4 g5 31.hxg5 Rh2 32.Qxh2 Nxh2 33.Kxh2 Qg4 34.Rad1 Qxg5 35.Ne2 Be5 36.Nf4 Bxf4
37.exf4 Qh5+ 38.Kg1 Qf3 39.Re1 Qc3 40.Red1 Qf3 41.Re1 Qc3 42.Red1  1/2-1/2